Florida Counties - Click Quiz - Statistics

General Stats
  • This quiz has been taken 122 times
  • The average score is 34 of 67
Answers on the Map
Answers color-coded by a green-red scale on the quiz's map according to % correct below.
 
Answer Stats
Answer % Correct
Miami-Dade County
88%
Hillsborough County
78%
Palm Beach County
78%
Monroe County
76%
Broward County
71%
Pinellas County
71%
Brevard County
68%
Duval County
68%
Osceola County
68%
Pasco County
68%
Polk County
68%
Seminole County
68%
Escambia County
66%
Orange County
66%
Lee County
63%
Manatee County
63%
Marion County
63%
Sarasota County
63%
Volusia County
63%
Collier County
61%
Nassau County
61%
Okeechobee County
59%
St. Johns County
59%
Charlotte County
56%
Hernando County
56%
Highlands County
56%
Lake County
56%
DeSoto County
54%
Santa Rosa County
54%
Sumter County
54%
Clay County
51%
Flagler County
51%
Indian River County
51%
Glades County
49%
Martin County
49%
St. Lucie County
49%
Alachua County
46%
Citrus County
46%
Dixie County
46%
Leon County
46%
Union County
44%
Gilchrist County
41%
Hardee County
41%
Hendry County
41%
Bay County
39%
Holmes County
39%
Jefferson County
39%
Levy County
39%
Madison County
39%
Putnam County
39%
Walton County
39%
Franklin County
37%
Jackson County
37%
Wakulla County
37%
Gadsden County
34%
Gulf County
34%
Lafayette County
34%
Liberty County
34%
Okaloosa County
34%
Baker County
32%
Bradford County
32%
Columbia County
32%
Hamilton County
32%
Taylor County
32%
Washington County
32%
Calhoun County
27%
Suwannee County
27%
No matching quizzes found
Score Distribution
Percent of People with Each Score
Percentile by Number Answered
Your Score History
You have not taken this quiz